000 00513nam a2200193 a 4500
001 1771563656192
003 YourLibrary
005 20260220110811.0
008 260220s2006##################000#0#eng##
020 _a9781843766230
082 0 4 _a330.0711
_bBEC
100 1 _aBecker, William E.,
_eauthor.
245 1 0 _aTeaching Economics :
260 _bEdward Elgar Publishing,
_c2006.
300 _a248 pages
650 0 _aBusiness & Economics.
942 _cENGLISH
040 _aYourLibrary
_beng
_cYourLibrary
999 _c613321
_d613321